00449nam a2200169Ia 4500008004100000041001200041082001200053100001700065245004500082365000800127520001400135546001200149630004500161650001400206655001400220730004500234101110s9999 xx 000 0 und d aENGLISH bSR22988 aKrueger A.O. aThe WTO as an International Organisation b295 aEconomics aENGLISH aThe WTO as an International Organisation aEconomics aEconomics aThe WTO as an International Organisation